Junior Eurovision 2020 - Statistics

General Stats
  • This quiz has been taken 100 times
  • The average score is 9 of 12
Answer Stats
Country Answer % Correct
France J'imagine
96%
Spain Palante
91%
Belarus Aliens
89%
Netherlands Best Friends
87%
Germany Stronger With You
78%
Poland I'll Be Standing
77%
Kazachstan Forever
73%
Georgia You Are Not Alone
71%
Russia My New Day
70%
Malta Chasing Sunsets
68%
Serbia Heartbeat
66%
Ukraine Vidkryvai
51%
No matching quizzes found
Score Distribution
Percent of People with Each Score
Percentile by Number Answered
Your Score History
You have not taken this quiz